LEADER 01051nam a2200253 i 4500 001 000000153841 003 CaOOAMICUS 005 20061003000000.0 008 061003s1992 it u000 u ita u 013 $a131185 020 $a88-384-1763-6 040 $aSeMil$bita 100 1 $aRavasi, Gianfranco,$c.$0(OLS)http://semarc/name/244 245 10$aAll'ombra delle ali di Dio :$bil canto del malato /$cGianfranco Ravasi. 260 $aCasale Monferrato (AL) :$bPiemme,$cCopyr. 1992. 300 $a158 p. :$bill. ;$c17 cm. 500 $aA piè del front. : Missione Salute. 650 4$aMalattia - Preghiere.$0(OLS)http://semarc/subject/17897 850 $aSeMil 852 $aSeMil$W1$xVenegono$y1$m3F I 573$j105726$B105726$CSeMilBibl$Z2$F115892 $81 961 $aOmaggio: Altro 996 $6020$a88-384-1763-6$9(OLS)http://semarc/number/143704 996 $6245$aAll'ombra delle ali di Dio :$bil canto del malato$9(OLS)http://semarc/title/225092 996 $6260$aCasale Monferrato (AL) :$bPiemme$9(OLS)http://semarc/publisher/30052 LEADER 00464nab a2200145 i 4500 001 000000306174 003 CaOOAMICUS 005 20180831172852.0 008 180831n xx uu u0 0fre r 013 $a14548 040 $aSeMil$bita 245 10$aBulletin d'islamologie 3. 700 1 $aPisani, Emmanuel .$0(OLS)http://semarc/name/87310 773 0 $t[SENZA TITOLO]. - Contiene.$gp.[497]-522$w()270200 996 $6245$aBulletin d'islamologie 3.$9(OLS)http://semarc/title/381602 LEADER 01188nam a2200289 i 4500 001 000000192800 003 CaOOAMICUS 005 20100930000000.0 008 100930s2010 it u000 u ita u 013 $a171434 020 $a978-88-311-3329-6 040 $aSeMil$bita 100 1 $aParadiso, Marcello,$d<1953- >.$0(OLS)http://semarc/name/67460 245 10$aFenomenologia della sequela /$cMarcello Paradiso. 260 $aRoma :$bCittà Nuova,$c2010. 300 $a203 p. ;$c20 cm. 490 0 $aContributi di teologia ;$v61 650 4$aBibbia - Sequela.$0(OLS)http://semarc/subject/21014 650 4$aSequela.$0(OLS)http://semarc/subject/10382 650 4$aPresbiteri e sequela.$0(OLS)http://semarc/subject/36263 830 0$aContributi di teologia ;$v61.$0(OLS)http://semarc/title/623 850 $aSeMil 852 $aSeMil$W1$xVenegono$y1$m2G I 231$j143375$B143375$CSeMilBibl$Z2$F154835 $81 961 $aSottoscrizione: Città Nuova (Agente) 996 $6020$a978-88-311-3329-6$9(OLS)http://semarc/number/184109 996 $6245$aFenomenologia della sequela$9(OLS)http://semarc/title/277919 996 $6260$aRoma :$bCittà Nuova$9(OLS)http://semarc/publisher/29609